000 00387nam a2200169Ia 4500
999 _c1816
_d1816
003 OSt
005 20190918192911.0
008 190723s9999 xx 000 0 und d
020 _a978-0133970777
040 _cmaju
100 _aRamez Elmassi
245 0 _aFundamentals of Database Systems
250 _a7th
260 _aIndia
_bPearson
_c2017
300 _a1242.:p
942 _cBK
_2ddc